MDQL
is popping MORE tags! Check the
thread
!
Quizzes
Events
Quiz Creation
Community
Videos
Private Events
Remove Ads
Sign In
Join for FREE
Feedback
Dark Mode
Quiz Categories
Sports
Geography
Music
Movies
Television
Just For Fun
Miscellaneous
History
Literature
Language
Science
Gaming
Entertainment
Religion
Holiday
For Kids
Quiz Lab
Recent
Popular Today
Quiz Kudos Today
Editor Picks
Curator Picks
Quizzes by...
Day
Popularity
Type
Ratings
Length
Year
Community
Subscriptions
Recent Discussions
Orange Saloon
Badges
Playlists
Quests
Create
Leaderboards
Showdown
Live 5
Trivia Bingo
Activity
Puzzle Library
Sporcle Events
Private Events
Virtual Trivia
Globe League
Become a Host
Pub Owners
SporcleCon
Opinionation
Our Games
Videos
Blog
Mobile Apps
Partnerships
Remove Ads and Go Orange
Feedback
Music
Pop Music
The Beatles
Song
Album
Lyrics
Bands
Singers
Artist
Clip
Rock
Rap
Classical
Billboard
Country Music
Kpop
Taylor Swift
Music
Pop Music
The Beatles
Song
Album
Lyrics
Bands
Singers
Artist
Clip
Rock
Rap
Classical
Billboard
Country Music
Kpop
Taylor Swift
Random Quiz
Search Sporcle
×
Quiz Lab
Quiz Lab
Music
Clickable
Select answers by clicking on text or image buttons
Select answers by clicking on text or image buttons
Clickable
Best Score? Go Orange.
Criteria Bands (British) Stats
Can you pick the British artists and bands based on the specific-to-general criteria?
By
serf_in_USA
5m
10 Questions
26.1K Plays
26,132 Plays
26,132 Plays
Comments
Comments
Give Quiz Kudos
Give Quiz Kudos
-
- Ratings
hide this ad
More Info
Forced Order
Answers have to be entered in order
Answers have to be entered in order
Minefield
Wrong answers will end the quiz
Wrong answers will end the quiz
Replay
Link that replays current quiz
Next Quiz
Link to next quiz in quiz playlist
You Got
0%
They Got
Avg Score
36%
Avg Friend Score
Upgrade to see
Score Distribution
Jump to the score distribution portion of the page
Score
0/10
Timer
05:00
0
Plays Today
% Correct
???
100%
???
76.6%
???
56.9%
???
50.1%
???
28.5%
???
16.2%
???
14.1%
???
8.9%
???
8%
???
8%
Quiz Playlist
Details
Report
Send in Message
Add To Playlist
More Info:
A bigtime shout-out to fellow sporcler geshmonkey for the idea.
Clickable:
Select answers by clicking on text or image buttons
Forced Order:
Answers have to be entered in order
Minefield:
Wrong answers will end the quiz
Last Updated: Feb 16, 2017
Quiz Scoreboard
CHALLENGE
Sign Up to Join the Scoreboard
Show All
Scores
Hide
Comments
May contain spoilers
Recently Published
5x2 Blitz: Bands
by SL_Kpop136
Music
30s
Colored Red Africa Blitz
by spor1
Geography
30s
Find the 'City' Movie
by crazypaving
Movies
60s
More to Explore
Quiz From the Vault
Featured Blog Post
14 Easter Pick-up Lines to Find Eggs With
hide this ad
You Might Also Like...
Tags
Clickable Quiz
Beavis and Butthead
British Albums
British Bands
Criteria
Rock and Roll Hall of Fame
Today's Top Quizzes in Music
Browse Music
hide this ad
Today's Top Quizzes in Clickable
Browse Clickable
Top Contributed Quizzes in Music
1
5X2 Blitz: Bands II
2
Taylor Swift All Songs (2024)
3
Taylor Swift Logic Puzzle II
4
5X2 Blitz: The Beatles
5
5X2 Blitz: Billboard
6
Taylor Swift Logic Puzzle
7
5X2 Blitz: Billboard II
8
5X2 Blitz: Album
9
5X2 Blitz: Singers
10
Music Artist by Three 2010s hits
Explore More
Trending Topics
Disney
Crossword
NBA
Marvel
Kpop
Anime
Harry Potter
Country
WWE
NFL
Song
Pokémon
Soccer
Puzzle
The Office
hide this ad
More By:
serf_in_USA
Quiz
Plays
Rating
Category
Featured
Created
Criteria NFL Quarterbacks II
292,989
4.00
Sports
Oct 11, 2013
Criteria NFL RBs
189,599
3.68
Sports
Oct 19, 2013
Criteria NFL WRs
142,943
3.98
Sports
Oct 21, 2013
Rock 'N' Roll Chain Game
110,561
3.26
Music
Sep 23, 2013
NFL Starting QBs (Arizona Cardinals)
46,667
4.55
Sports
Sep 5, 2013
Go to Creator's Profile
Score Distribution
Quiz Creator Spotlight
serf_in_USA
Follow
Send a Message
Quizzes Created
-
Created Quiz Play Count
-
More By This Creator
Popular Quizzes Today
1
Colored Red Africa Blitz
2
Find the 'City' Movie
3
Find the US States - No Outlines Minefield
4
5x2 Blitz: Bands
5
The Countries of the World
6
Find the US States
7
US States
8
9x9 Crossword: Cartoon Network
More Music Quizzes
Artists in Billboard's Top 10 (2010)
Quiz Lab
Trending Quizzes
Colored Red Europe Blitz I
Colored Red Europe Blitz II
Colored Red Africa Blitz II
Colored Red Europe Blitz III
Colored Red Africa Blitz III
Recently Updated
How Do You Spell That?
pecheneg
Godzilla Movies
pecheneg
Grab Bag: 4-10 Letters
pecheneg
2024 March Madness Bracket
pecheneg
Famous TV Couples
Peacemaker
Champions League XIs: Real Madrid
pecheneg
Largest US Cities 1790-2010
pecheneg
Rides in Walt Disney World
pecheneg
Most Oscar Losses (Acting)
pecheneg
Beyoncé Albums
pecheneg
Trending Topics
NBA
Crossword
Disney
Marvel
Anime
Harry Potter
Kpop
Puzzle
Soccer
NFL
WWE
Song
Pokémon
The Office
Country
Your Account Isn't Verified!
In order to create a playlist on Sporcle, you need to verify the email address you used during registration. Go to your
Sporcle Settings
to finish the process.
Report this User
Report this user for behavior that violates our
Community Guidelines
.
Details:
Send Report
Go to the Sporcle.com Mobile Site →
Comments